Statistiques concernant Les Films de Martin Scorcese

Cliquez ici pour prendre le quiz!

Statistiques générales

  • Ce quiz a été pris 316 fois
  • Le résultat moyen est 11 sur 25

Statistiques - réponses

AnnéeFilms% Correct
1990Les Affranchis
85%
1976Taxi Driver
84%
1995Casino
78%
2019The Irishman
78%
2013Le Loup de Wall Street
76%
2010Shutter Island
73%
2006Les Infiltrés
68%
1980Raging Bull
66%
2002Gangs of New York
54%
2004Aviator
53%
1973Mean Streets
47%
2016Silence
42%
2011Hugo Cabret
40%
1983La Valse des Pantins
32%
1977New York, New York
27%
1991Les Nerfs à Vif
25%
1988La Dernière Tentation du Christ
23%
1985After Hours
20%
1986La Couleur de l'Argent
16%
1997Kundun
14%
1974Alice n'est plus ici
12%
1993Le Temps de l'Innocence
12%
1972Bertha Boxcar
10%
1967Who's That Knocking at My Door
8%
1999A Tombeaux Ouvert
7%

Distribution des résultats

Percentile par nombre de réponses

% des personnes avec chaque résultat

Votre développement - résultats

Vous n’avez pas pris ce quiz